|
|
|
แสดงรายละเอียดบรรณานุกรม |
|
|
Brief Record
: Get Marc (ISO 2709)
: E-mail record
: |
|
|
| LEADER 00000nam 2200000uu 4500 | |||
| 001 53738 | |||
| 003 ULIBM | |||
| 008 220628s||||||||th 000 0 tha d | |||
| 020 ^a9786161845742 | |||
| 024 0 ^a | |||
| 082 0 ^aน^bค - ค | |||
| 100 0 ^aคาซึโอะ,อิชิงุโระ | |||
| 245 00 ^aคลาราและดวงอาทิตย์/^cคาซึโอะ อิชิงุโระ | |||
| 250 ^aพิมพ์ครั้งแรก | |||
| 260 ^aกรุงเทพฯ:^bแพรวสำนักพิมพ์ อมรินทร์พริ้นติ้ง แอนด์พับลิชชิ่ง,^c2564 | |||
| 300 ^a287 หน้า 375 บาท | |||
| 541 375 บาท | |||
| 700 0 ^aธิดารัตน์ เจริญชัยชนะ,^eผู้แปล | |||
| 999 ^ananthaya | |||
| คุณยังไม่ได้ล็อกอิน คุณสามารถมีกิจกรรมร่วมกับเว็บไซต์ได้ แต่ต้องล็อกอินก่อน :: |
|
| สถานะ | |||||||||
| 1. | หนังสือ | น ค - ค Barcode: 084936 | ►นวนิยาย | On Shelf ขอยืม | |||||
| [แสดง 1/1 รายการ] | |||||||||

BibComment |
| คอมเมนท์ทรัพยากรรายการนี้ |
|
|
ห้องสมุดโรงเรียนสามัคคีวิทยาคม
159 ถ.บรรพปราการ ต.เวียง อ.เมือง จ.เชียงราย 57000
โทร. 053-711018 โทรสาร 053-713003